[Event "Muensterland Verbandsliga playoff 5-8"]
[Site "Germany"]
[Date "2023.05.13"]
[Round "2.4"]
[White "Lanfer, Stefan"]
[Black "Nuerenberg, Bernd"]
[Result "0-1"]
[WhiteElo "1797"]
[BlackElo "1715"]
[PlyCount "58"]
[EventDate "2022.03.25"]
[EventType "team-k.o."]
[EventRounds "2"]
[EventCountry "GER"]
[SourceTitle "EXT 2024"]
[Source "ChessBase"]
[SourceDate "2023.10.10"]
[SourceVersion "1"]
[SourceVersionDate "2023.10.10"]
[SourceQuality "1"]
[WhiteTeam "Gescher"]
[BlackTeam "Nienberge II"]
[WhiteTeamCountry "GER"]
[BlackTeamCountry "GER"]

1. c4 Nf6 2. d4 g6 3. Nc3 d5 4. cxd5 Nxd5 5. e4 Nxc3 6. bxc3 c5 7. Bb5+ Bd7 8. Bxd7+ Qxd7 9. Ne2 Bg7 10. 0-0 0-0 11. Be3 cxd4 12. Bxd4 Bxd4 13. cxd4 b5 14. d5 a5 15. f4 Rd8 16. Qb3 Qa7+ 17. Kh1 b4 18. f5 Nd7 19. Ng3 Rac8 20. Rac1 Ne5 21. Ne2 Ng4 22. h3 Nf2+ 23. Kh2 Nxe4 24. Qd3 Qb8+ 25. g3 Nf6 26. fxg6 hxg6 27. Rxc8 Qxc8 28. Nf4 Kg7 29. h4 e5 0-1

[Event "Muensterland Verbandsliga playoff 5-8"]
[Site "Germany"]
[Date "2023.03.25"]
[Round "1.4"]
[White "Brinkmann, Franz Josef"]
[Black "Lanfer, Stefan"]
[Result "1/2-1/2"]
[WhiteElo "1755"]
[BlackElo "1797"]
[PlyCount "40"]
[EventDate "2022.03.25"]
[EventType "team-k.o."]
[EventRounds "2"]
[EventCountry "GER"]
[SourceTitle "EXT 2024"]
[Source "ChessBase"]
[SourceDate "2023.10.10"]
[SourceVersion "1"]
[SourceVersionDate "2023.10.10"]
[SourceQuality "1"]
[WhiteTeam "Rheine Klein Berlin II"]
[BlackTeam "Gescher"]
[WhiteTeamCountry "GER"]
[BlackTeamCountry "GER"]

1. e4 c6 2. d4 d5 3. Nd2 dxe4 4. Nxe4 Nf6 5. Ng3 e6 6. c3 Bd6 7. Qf3 Nbd7 8. Bd3 Qc7 9. N1e2 e5 10. h3 exd4 11. Nxd4 Ne5 12. Qe2 0-0 13. 0-0 Nxd3 14. Qxd3 Bxg3 15. Qxg3 Qxg3 16. fxg3 c5 17. Nf5 Be6 18. Bg5 Ne4 19. Be7 Rfe8 20. Nd6 Nxd6 1/2-1/2

[Event "Muensterland Verbandsliga 1819"]
[Site "Germany"]
[Date "2019.02.16"]
[Round "7.3"]
[White "Grotenhuis, Gerard"]
[Black "Lanfer, Stefan"]
[Result "1/2-1/2"]
[WhiteElo "1904"]
[BlackElo "1819"]
[PlyCount "101"]
[EventDate "2018.09.01"]
[EventType "team-tourn"]
[EventRounds "9"]
[EventCountry "GER"]
[SourceTitle "EXT 2020"]
[Source "ChessBase"]
[SourceDate "2019.10.17"]
[SourceVersion "1"]
[SourceVersionDate "2019.10.17"]
[SourceQuality "1"]
[WhiteTeam "Metelen"]
[BlackTeam "Gescher"]
[WhiteTeamCountry "GER"]
[BlackTeamCountry "GER"]

1. b3 e5 2. Bb2 Nc6 3. e3 d6 4. Bb5 Bd7 5. Nf3 a6 6. Bxc6 Bxc6 7. d4 exd4 8. Qxd4 f6 9. Nbd2 Nh6 10. h3 Qd7 11. 0-0-0 Nf5 12. Qd3 0-0-0 13. e4 Nh6 14. g4 Nf7 15. Qe3 Kb8 16. Nd4 Re8 17. c4 Ng5 18. Nxc6+ Qxc6 19. f4 Nf7 20. Rhe1 Be7 21. Nf3 Rhg8 22. Rd5 Ka8 23. Nd4 Qb6 24. Qd2 c6 25. Ra5 d5 26. Ra4 dxe4 27. Rxe4 Bc5 28. Rxe8+ Rxe8 29. b4 Bxd4 30. Bxd4 Qd8 31. c5 Qd5 32. Ra3 Qc4+ 33. Bc3 Qf1+ 34. Qd1 Qxf4+ 35. Bd2 Qc4+ 36. Qc2 Qf1+ 37. Qd1 Qxd1+ 38. Kxd1 Rd8 39. Ke2 Ne5 40. Rg3 Re8 41. Re3 Re7 42. h4 Ng6 43. h5 Rxe3+ 44. Kxe3 Ne5 45. Kf4 g6 46. Bc3 Nd7 47. h6 Kb8 48. g5 fxg5+ 49. Kxg5 Kc7 50. Bd4 Kd8 51. Kf4 1/2-1/2

[Event "Muensterland Verbandsliga 1819"]
[Site "Germany"]
[Date "2018.11.24"]
[Round "4.2"]
[White "Lanfer, Stefan"]
[Black "Grund, Wolfgang"]
[Result "0-1"]
[WhiteElo "1819"]
[BlackElo "1855"]
[PlyCount "64"]
[EventDate "2018.09.01"]
[EventType "team-tourn"]
[EventRounds "9"]
[EventCountry "GER"]
[SourceTitle "EXT 2020"]
[Source "ChessBase"]
[SourceDate "2019.10.17"]
[SourceVersion "1"]
[SourceVersionDate "2019.10.17"]
[SourceQuality "1"]
[WhiteTeam "Gescher"]
[BlackTeam "Duelmen"]
[WhiteTeamCountry "GER"]
[BlackTeamCountry "GER"]

1. c4 e5 2. Nc3 c6 3. d3 Bb4 4. Bd2 Nf6 5. Nf3 d6 6. g3 Bg4 7. Bg2 Nbd7 8. 0-0 Bc5 9. Na4 0-0 10. Nxc5 Nxc5 11. b4 Ne6 12. Be3 Qc7 13. Nd2 Nd7 14. Nb3 f5 15. f3 Bh5 16. Bf2 Rae8 17. Qd2 Bf7 18. Rfc1 Nf6 19. Rab1 Nd8 20. d4 e4 21. e3 exf3 22. Bxf3 Ne6 23. b5 Ng5 24. Bg2 Nge4 25. Bxe4 Nxe4 26. Qb2 Qe7 27. Re1 Bxc4 28. bxc6 bxc6 29. Na5 Bd5 30. Rbc1 Ng5 31. Nxc6 Qe4 32. Kf1 Bxc6 0-1

[Event "Muensterland Verbandsklasse 1415"]
[Site "Germany"]
[Date "2015.04.25"]
[Round "9.7"]
[White "Lanfer, Stefan"]
[Black "Jonas, Robert"]
[Result "1-0"]
[WhiteElo "1832"]
[BlackElo "1684"]
[PlyCount "125"]
[EventDate "2014.09.13"]
[EventType "team-tourn"]
[EventRounds "9"]
[EventCountry "GER"]
[SourceTitle "EXT 2016"]
[Source "ChessBase"]
[SourceDate "2015.10.08"]
[SourceVersion "1"]
[SourceVersionDate "2015.10.08"]
[SourceQuality "1"]
[WhiteTeam "Gescher"]
[BlackTeam "Ibbenbueren"]
[WhiteTeamCountry "GER"]
[BlackTeamCountry "GER"]

1. e4 e5 2. Nf3 Nc6 3. d4 exd4 4. Bc4 d6 5. Nxd4 Nf6 6. Nc3 Be7 7. 0-0 Ne5 8. Be2 0-0 9. f4 Nc6 10. Nxc6 bxc6 11. Bd3 d5 12. e5 Bc5+ 13. Kh1 Ng4 14. Qe2 Qh4 15. g3 Qh3 16. Na4 Be7 17. Qg2 Qxg2+ 18. Kxg2 c5 19. h3 Nh6 20. Be3 d4 21. Bf2 Bb7+ 22. Kh2 g6 23. b3 Bd5 24. Rfe1 Rfe8 25. Rac1 f6 26. exf6 Bxf6 27. Nxc5 Nf5 28. Be4 c6 29. Bxd5+ cxd5 30. Nd7 Bg7 31. Ne5 Rac8 32. g4 Ne3 33. Bxe3 Rxe5 34. fxe5 Bxe5+ 35. Kg1 dxe3 36. Re2 d4 37. Rf1 Kg7 38. Rf3 a5 39. a4 Rc3 40. Kg2 Bf6 41. Rf4 Be5 42. Rf1 Rc5 43. Kf3 Kf7 44. Ke4+ Ke6 45. Rd1 Bg7 46. Rxd4 Bxd4 47. Kxd4 Kd6 48. c3 h5 49. Rxe3 hxg4 50. hxg4 Rg5 51. Re4 Rd5+ 52. Ke3 Rg5 53. Kf4 Rc5 54. Rc4 g5+ 55. Ke4 Re5+ 56. Kd3 Re1 57. b4 axb4 58. cxb4 Ra1 59. a5 Rf1 60. Kc3 Rf3+ 61. Kb2 Rf2+ 62. Kb3 Rf3+ 63. Ka4 1-0

[Event "Muensterland Verbandsklasse 1314"]
[Site "Germany"]
[Date "2013.09.21"]
[Round "1.8"]
[White "Richter, Philipp"]
[Black "Lanfer, Stefan"]
[Result "1/2-1/2"]
[WhiteElo "1497"]
[BlackElo "1822"]
[PlyCount "49"]
[EventDate "2013.09.21"]
[EventType "team-tourn"]
[EventRounds "9"]
[EventCountry "GER"]
[SourceTitle "EXT 2015"]
[Source "ChessBase"]
[SourceDate "2014.11.20"]
[SourceVersion "1"]
[SourceVersionDate "2014.11.20"]
[SourceQuality "1"]
[WhiteTeam "Borken"]
[BlackTeam "Gescher"]
[WhiteTeamCountry "GER"]
[BlackTeamCountry "GER"]

1. e4 c6 2. Nc3 d5 3. Nf3 Bg4 4. h3 Bh5 5. exd5 cxd5 6. d4 e6 7. Bf4 Bd6 8. Bxd6 Qxd6 9. Bb5+ Nc6 10. Bxc6+ bxc6 11. 0-0 Nf6 12. Qd3 0-0 13. Ne5 Nd7 14. Nxd7 Qxd7 15. Na4 Qd6 16. Nc5 Bg6 17. Qe2 Rfe8 18. f4 f6 19. Qf2 Re7 20. c3 Rae8 21. Rae1 e5 22. fxe5 fxe5 23. dxe5 Rxe5 24. Rxe5 Rxe5 25. Qf8+ 1/2-1/2

[Event "Muensterland Verbandsklasse 1213 playof"]
[Site "Germany"]
[Date "2013.06.01"]
[Round "1.2"]
[White "Lanfer, Stefan"]
[Black "Schneider, Manfred"]
[Result "1/2-1/2"]
[WhiteElo "1815"]
[BlackElo "1997"]
[PlyCount "117"]
[EventDate "2013.06.01"]
[EventType "team-match"]
[EventRounds "1"]
[EventCountry "GER"]
[SourceTitle "EXT 2015"]
[Source "ChessBase"]
[SourceDate "2014.11.20"]
[SourceVersion "1"]
[SourceVersionDate "2014.11.20"]
[SourceQuality "1"]
[WhiteTeam "Gescher"]
[BlackTeam "Muenster Indische Dame"]
[WhiteTeamCountry "GER"]
[BlackTeamCountry "GER"]

1. c4 e5 2. Nc3 Nf6 3. d3 Bb4 4. Bd2 Nc6 5. e4 d6 6. Nge2 Bc5 7. h3 h6 8. Na4 Nd7 9. Nxc5 dxc5 10. Be3 b6 11. Ng3 g6 12. Be2 Nf8 13. 0-0 Qh4 14. Kh2 Ne6 15. Bg4 Ncd8 16. Qd2 h5 17. Bxe6 Nxe6 18. f4 exf4 19. Bxf4 Nxf4 20. Rxf4 Qg5 21. Raf1 Be6 22. Qc3 0-0-0 23. Rf6 h4 24. Nh1 Rd4 25. R1f3 Rhd8 26. Nf2 R8d7 27. a4 a5 28. b3 Bf5 29. e5 Be6 30. Qe1 Qh5 31. R6f4 g5 32. Re4 Qg6 33. Rf6 Qg7 34. Qe2 Rd8 35. Qf3 Kb8 36. Kh1 R4d7 37. Qe3 Re7 38. d4 cxd4 39. Rxd4 Rxd4 40. Qxd4 Rd7 41. Qe3 g4 42. hxg4 Bxg4 43. Rf4 Be6 44. Rxh4 c5 45. Rf4 Rd8 46. Rh4 Bc8 47. Kh2 Rg8 48. g3 Bb7 49. Qf4 Ka7 50. Qg4 Qf8 51. Qd7 Rg7 52. Ne4 f5 53. Qd6 Qe8 54. Qf6 Rf7 55. Nd6 Rxf6 56. Nxe8 Re6 57. Nd6 Bf3 58. Rh7+ Kb8 59. Rf7 1/2-1/2

[Event "Muensterland Verbandsklasse-B 1213"]
[Site "Germany"]
[Date "2013.04.20"]
[Round "8.1"]
[White "Lehmann, Holger"]
[Black "Lanfer, Stefan"]
[Result "1-0"]
[WhiteElo "2129"]
[BlackElo "1811"]
[PlyCount "67"]
[EventDate "2012.09.15"]
[EventType "team-tourn"]
[EventRounds "9"]
[EventCountry "GER"]
[SourceTitle "EXT 2015"]
[Source "ChessBase"]
[SourceDate "2014.11.20"]
[SourceVersion "1"]
[SourceVersionDate "2014.11.20"]
[SourceQuality "1"]
[WhiteTeam "Emsdetten Rochade"]
[BlackTeam "Gescher"]
[WhiteTeamCountry "GER"]
[BlackTeamCountry "GER"]

1. e4 c6 2. d4 d5 3. exd5 cxd5 4. c4 Nf6 5. Nc3 Nc6 6. Bg5 Ne4 7. Nxe4 dxe4 8. d5 Nb8 9. Qd4 f6 10. Be3 Bf5 11. f3 e5 12. Qc3 Na6 13. a3 Rc8 14. Ne2 exf3 15. gxf3 b5 16. Qb3 Qa5+ 17. Nc3 Bb4 18. Rc1 Bxc3+ 19. Qxc3 Qxc3+ 20. Rxc3 b4 21. axb4 Nxb4 22. Bxa7 Ra8 23. Be3 Ra1+ 24. Kf2 Nd3+ 25. Bxd3 Rxh1 26. Bxf5 Rxh2+ 27. Kg3 Rxb2 28. Be6 Kd8 29. c5 Re8 30. c6 Kc7 31. Bc1 Rb6 32. Ba3 Rxe6 33. dxe6 Rxc6 34. e7 1-0

[Event "Muensterland Verbandsklasse-B 1213"]
[Site "Germany"]
[Date "2013.03.16"]
[Round "7.2"]
[White "Lanfer, Stefan"]
[Black "Hoge, Reinhard"]
[Result "1/2-1/2"]
[WhiteElo "1811"]
[BlackElo "1957"]
[PlyCount "55"]
[EventDate "2012.09.15"]
[EventType "team-tourn"]
[EventRounds "9"]
[EventCountry "GER"]
[SourceTitle "EXT 2015"]
[Source "ChessBase"]
[SourceDate "2014.11.20"]
[SourceVersion "1"]
[SourceVersionDate "2014.11.20"]
[SourceQuality "1"]
[WhiteTeam "Gescher"]
[BlackTeam "Saerbeck"]
[WhiteTeamCountry "GER"]
[BlackTeamCountry "GER"]

1. c4 g6 2. d4 Nf6 3. Nc3 c5 4. d5 d6 5. e4 Bg7 6. Bd3 0-0 7. Nge2 e6 8. 0-0 exd5 9. cxd5 Re8 10. Ng3 Ng4 11. Be2 Qh4 12. Bxg4 Bxg4 13. Qa4 Nd7 14. Be3 Ne5 15. f3 Bd7 16. Qc2 b5 17. Nge2 b4 18. Nd1 a5 19. Bf2 Qe7 20. Ne3 Bb5 21. Rfd1 Rac8 22. Rac1 Qb7 23. Bg3 Qa6 24. Nf4 c4 25. h4 Nd3 26. Nxd3 cxd3 27. Qd2 h5 28. Bf4 1/2-1/2

[Event "Muensterland Verbandsklasse-A 0405"]
[Site "Muensterland"]
[Date "2004.11.06"]
[Round "3.4"]
[White "Hoge, Torsten"]
[Black "Lanfer, Stefan"]
[Result "1-0"]
[WhiteElo "1969"]
[BlackElo "1804"]
[PlyCount "99"]
[EventDate "2004.09.11"]
[EventType "team"]
[EventRounds "9"]
[EventCountry "GER"]
[SourceTitle "EXT 2006"]
[Source "ChessBase"]
[SourceDate "2005.11.24"]
[SourceVersion "1"]
[SourceVersionDate "2005.11.24"]
[SourceQuality "1"]
[WhiteTeam "Gronau"]
[BlackTeam "Gesch II"]
[WhiteTeamCountry "GER"]
[BlackTeamCountry "GER"]

1. e4 c6 2. d4 d5 3. Nd2 dxe4 4. Nxe4 Nd7 5. Ng5 Ngf6 6. Bc4 e6 7. Qe2 Nb6 8. Bb3 Qxd4 9. N1f3 Bb4+ 10. c3 Bxc3+ 11. Kf1 Qc5 12. bxc3 0-0 13. c4 h6 14. Ne4 Nxe4 15. Qxe4 Qf5 16. Qxf5 exf5 17. Be3 Rd8 18. Ne1 Be6 19. Rc1 g5 20. f4 f6 21. Nf3 Re8 22. Kf2 Bf7 23. Rhe1 Re4 24. Nd2 Ree8 25. Bxb6 axb6 26. Rxe8+ Rxe8 27. Re1 Rd8 28. Nf3 Kf8 29. Re2 g4 30. Nh4 Rd4 31. g3 Bxc4 32. Bxc4 Rxc4 33. Nxf5 h5 34. Nd6 Rc1 35. Ke3 b5 36. Nxb7 b4 37. Kd4 Kf7 38. Nd6+ Kg6 39. Nc4 h4 40. Rg2 h3 41. Rb2 Rg1 42. Kc5 Kf5 43. Re2 Rb1 44. Kxc6 b3 45. a4 Rc1 46. Kb5 Kg6 47. Rb2 Kf5 48. Rxb3 Ke4 49. a5 Kd4 50. a6 1-0

[Event "Muensterland Verbandsklasse-A 0405"]
[Site "Muensterland"]
[Date "2004.10.02"]
[Round "2.4"]
[White "Lanfer, Stefan"]
[Black "Wetterau, Georg"]
[Result "0-1"]
[WhiteElo "1804"]
[BlackElo "1872"]
[PlyCount "42"]
[EventDate "2004.09.11"]
[EventType "team"]
[EventRounds "9"]
[EventCountry "GER"]
[SourceTitle "EXT 2006"]
[Source "ChessBase"]
[SourceDate "2005.11.24"]
[SourceVersion "1"]
[SourceVersionDate "2005.11.24"]
[SourceQuality "1"]
[WhiteTeam "Gesch II"]
[BlackTeam "Nordwalde"]
[WhiteTeamCountry "GER"]
[BlackTeamCountry "GER"]

1. c4 Nf6 2. d4 c5 3. d5 e6 4. Nc3 exd5 5. cxd5 d6 6. e4 g6 7. Bd3 Bg7 8. Nge2 0-0 9. 0-0 Nbd7 10. f4 Re8 11. Ng3 Nf8 12. Kh1 Ng4 13. Be2 Nxh2 14. Be3 Qh4 15. Kg1 Qxg3 16. Bf2 Qxf4 17. Qd3 Nxf1 18. Rxf1 Be5 19. g3 Qg5 20. Qf3 f5 21. Bd3 f4 0-1

[Event "Muensterland Verbandsklasse-A 0304"]
[Site "Germany"]
[Date "2004.03.27"]
[Round "8.2"]
[White "Stoecker, Ralph"]
[Black "Lanfer, Stefan"]
[Result "1/2-1/2"]
[WhiteElo "1992"]
[BlackElo "1742"]
[PlyCount "56"]
[EventDate "2003.09.20"]
[EventType "team"]
[EventRounds "9"]
[EventCountry "GER"]
[SourceTitle "EXT 2005"]
[Source "ChessBase"]
[SourceDate "2004.11.15"]
[SourceVersion "1"]
[SourceVersionDate "2004.11.15"]
[SourceQuality "1"]
[WhiteTeam "Ibbenbueren"]
[BlackTeam "Gesch II"]
[WhiteTeamCountry "GER"]
[BlackTeamCountry "GER"]

1. e4 c6 2. d4 d5 3. f3 e6 4. g3 Nd7 5. c3 Nb6 6. Be3 Bd7 7. Nd2 Be7 8. Bd3 Qc7 9. a4 a5 10. Ne2 g5 11. Qc2 h6 12. c4 dxe4 13. fxe4 f5 14. c5 fxe4 15. Bxe4 Nd5 16. Nc4 Nxe3 17. Nxe3 b6 18. cxb6 Qxb6 19. 0-0 Rb8 20. Nc4 Qb3 21. Bg6+ Kd8 22. Ne5 Qxc2 23. Nf7+ Kc7 24. Bxc2 Rxb2 25. Bd3 Bf6 26. Nxh8 Bxh8 27. Rab1 Rxb1 28. Rxb1 Ne7 1/2-1/2

[Event "Muensterland Verbandsklasse-A 0304"]
[Site "Germany"]
[Date "2004.03.06"]
[Round "7.2"]
[White "Lanfer, Stefan"]
[Black "Hoge, Torsten"]
[Result "1/2-1/2"]
[WhiteElo "1742"]
[BlackElo "1994"]
[PlyCount "53"]
[EventDate "2003.09.20"]
[EventType "team"]
[EventRounds "9"]
[EventCountry "GER"]
[SourceTitle "EXT 2005"]
[Source "ChessBase"]
[SourceDate "2004.11.15"]
[SourceVersion "1"]
[SourceVersionDate "2004.11.15"]
[SourceQuality "1"]
[WhiteTeam "Gesch II"]
[BlackTeam "Gronau"]
[WhiteTeamCountry "GER"]
[BlackTeamCountry "GER"]

1. e4 e6 2. f4 d5 3. e5 c5 4. Nf3 Nc6 5. d3 Nh6 6. Be2 Be7 7. 0-0 0-0 8. c3 Qb6 9. Kh1 Bd7 10. Qe1 f6 11. f5 Nf7 12. exf6 Bxf6 13. Nh4 e5 14. b3 Rfe8 15. Bh5 e4 16. d4 cxd4 17. g4 Qd8 18. Ng2 Rf8 19. Nf4 Be8 20. Ne6 Qd7 21. Ba3 Be7 22. Bxe7 Qxe7 23. Nxf8 Qxf8 24. cxd4 Nxd4 25. Qd2 Nf3 26. Qf4 Bb5 27. Bxf7+ 1/2-1/2

[Event "Muensterland Verbandsklasse-A 0304"]
[Site "Germany"]
[Date "2004.01.17"]
[Round "5.5"]
[White "Noering, Andreas"]
[Black "Lanfer, Stefan"]
[Result "1/2-1/2"]
[WhiteElo "1767"]
[BlackElo "1742"]
[PlyCount "30"]
[EventDate "2003.09.20"]
[EventType "team"]
[EventRounds "9"]
[EventCountry "GER"]
[SourceTitle "EXT 2005"]
[Source "ChessBase"]
[SourceDate "2004.11.15"]
[SourceVersion "1"]
[SourceVersionDate "2004.11.15"]
[SourceQuality "1"]
[WhiteTeam "Emsdetten Rochade"]
[BlackTeam "Gesch II"]
[WhiteTeamCountry "GER"]
[BlackTeamCountry "GER"]

1. e4 c6 2. Nc3 d5 3. Nf3 Bg4 4. h3 Bh5 5. exd5 cxd5 6. Be2 Nc6 7. Ne5 Nxe5 8. Bxh5 Nf6 9. d4 Nc6 10. Bf3 e6 11. a3 Rc8 12. 0-0 a6 13. Ne2 Be7 14. c3 0-0 15. Be3 Qd7 1/2-1/2